Estimating the size of animal populations /

Bibliographic Details
Main Author: Blower, J. Gordon
Other Authors: Cook, Laurence Martin, Bishop, James A.
Format: Book
Language:English
Published: London ; Boston : G. Allen & Unwin, 1981.
Subjects:

MARC

Tag First Indicator Second Indicator Subfields
LEADER 00000cam a2200000 a 4500
001 in00000071537
005 20151008062254.0
008 810807s1981 enka b 00110 eng
010 |a  79041638  
015 |a GB*** 
020 |a 0045910170 
020 |a 0045910189 (pbk.) 
035 |a (OCoLC)07732374 
035 |9 AAJ9874AM 
039 0 |a 2  |b 3  |c 3  |d 3  |e 3 
040 |a DLC  |c DLC  |d TXA  |d UtOrBLW 
049 |a TXAM  |c [800595] 
050 0 0 |a QL752  |b .B56 
082 0 |a 591.52/48/072  |2 19 
100 1 |a Blower, J. Gordon. 
245 1 0 |a Estimating the size of animal populations /  |c J. Gordon Blower, Laurence M. Cook, James A. Bishop. 
264 1 |a London ;  |a Boston :  |b G. Allen & Unwin,  |c 1981. 
300 |a 128 pages :  |b illustrations ;  |c 24 cm. 
336 |a text  |b txt  |2 rdacontent 
337 |a unmediated  |b n  |2 rdamedia 
338 |a volume  |b nc  |2 rdacarrier 
500 |a Includes index. 
504 |a Bibliography: pages [123]-126. 
650 0 |a Animal populations  |x Statistical methods. 
700 1 |a Cook, Laurence Martin. 
700 1 |a Bishop, James A. 
999 |a MARS 
999 f f |s e7fbb5e8-0c4d-3d29-99f6-04defb8ae572  |i ae4b7e11-e9a1-3953-8f55-20011377f8c1  |t 0 
952 f f |p normal  |a Texas A&M University  |b College Station  |c Sterling C. Evans Library  |d Evans: Library Stacks  |t 0  |e QL752 .B56  |h Library of Congress classification  |i unmediated -- volume  |m A14806222322 
998 f f |a QL752 .B56  |t 0  |l Evans: Library Stacks